000 00536nam a2200157 4500
020 _a9501409562
080 _a347.65 M 269
100 _aMaffia, Jorge O.
245 _aManual de Derecho Sucesorio
250 _a4 ° Ed.
260 _aBuenos Aires:
_bDepalma,
_c1997
300 _a436 P.
650 _xderecho sucesorio
_xsucesiones
_xfuero atraccion
_xlegitima
_xherederos forzosos
_xindivision hereditaria
_xcolacion
_xparticion
_xinventario
_xliquidacion
_xbiene inmuebles
_xbienes muebles
_xalbacea
942 _6_
945 _acd
_d2025-08-29
999 _c5513
_d236017